Land fictions : (Record no. 19373)

000 -LEADER
fixed length control field 01012cam a22002058i 4500
020 ## - INTERNATIONAL STANDARD BOOK NUMBER
ISBN 9781501753732
020 ## - INTERNATIONAL STANDARD BOOK NUMBER
ISBN 9781501753961
040 ## - CATALOGING SOURCE
Transcribing agency DLC
082 00 - DEWEY DECIMAL CLASSIFICATION NUMBER
Classification number 333 CEN 2018 C347 Or.
245 00 - TITLE STATEMENT
Title Land fictions :
Remainder of title the commodification of land in city and country /
300 ## - PHYSICAL DESCRIPTION
Number of Pages pages cm.
490 0# - SERIES STATEMENT
Series statement Cornell series on land : new perspectives on territory, development, and environment
520 ## - SUMMARY, ETC.
Summary, etc "Bringing together original research on urban, rural and peri-urban India, rapidly urbanizing China and Southeast Asia, resource expropriation in Africa and Latin America, and the neoliberal urban landscapes of North America and Europe, this book interrogates global patterns of property formation, the dispossessions property markets enact, and the popular movements to halt the growing waves of evictions and land grabs they face"
650 #0 - SUBJECT ADDED ENTRY--TOPICAL TERM
Topical Term Land use
650 #0 - SUBJECT ADDED ENTRY--TOPICAL TERM
Topical Term Land use, Urban
650 #0 - SUBJECT ADDED ENTRY--TOPICAL TERM
Topical Term Land use, Rural
700 1# - ADDED ENTRY--PERSONAL NAME
Personal name Ghertner, D. Asher,
700 1# - ADDED ENTRY--PERSONAL NAME
Personal name Lake, Robert W.,
942 ## - ADDED ENTRY ELEMENTS (KOHA)
Koha item type ADB
952 ## - LOCATION AND ITEM INFORMATION (KOHA)
Withdrawn status [LOCAL, KOHA] 0
952 ## - LOCATION AND ITEM INFORMATION (KOHA)
Withdrawn status [LOCAL, KOHA] 0
952 ## - LOCATION AND ITEM INFORMATION (KOHA)
Withdrawn status [LOCAL, KOHA] 0
952 ## - LOCATION AND ITEM INFORMATION (KOHA)
Withdrawn status [LOCAL, KOHA] 0
952 ## - LOCATION AND ITEM INFORMATION (KOHA)
Withdrawn status [LOCAL, KOHA] 0
Holdings
Source of acquisition Permanent Location Date acquired Koha item type Lost status Shelving location Current Location Full call number
A063077Library Block C2020-11-13សៀវភៅភាសាអង់គ្លេស C026Library Block C333 CEN 2018 C026 Or.
A063439Library Block C2020-11-13សៀវភៅភាសាអង់គ្លេស C026Library Block C333 CEN 2018 C026 Or.
A062765Library Block C2020-11-13សៀវភៅភាសាអង់គ្លេស C026Library Block C333 CEN 2018 C026 Or.
A064745Library Block C2020-11-13សៀវភៅភាសាអង់គ្លេស C026Library Block C333 CEN 2018 C026 Or.
A062993Library Block C2020-11-13សៀវភៅភាសាអង់គ្លេស C026Library Block C333 CEN 2018 C026 Or.
មជ្ឈមណ្ឌលឯការនៃសាកលវិទ្យាល័យភូមិន្ទកសិកម្មចំការដូង

Powered by Koha